| 000 | 00443pab a2200193 454500 | ||
|---|---|---|---|
| 008 | 180718b2011 xxu||||| |||| 00| 0 eng d | ||
| 100 | _aSingh, Y.V. | ||
| 245 | _aStatus of rural women in agriculture | ||
| 260 | _c2011 | ||
| 300 | _ap.6-9. | ||
| 362 | _aSep | ||
| 650 | _aRural women | ||
| 650 | _aAgricultural | ||
| 650 | _aWomen in agriculture | ||
| 700 | _aNayak, Jyoti | ||
| 773 | _aKurukshetra | ||
| 908 | _aN | ||
| 909 | _a93975 | ||
| 999 |
_c93975 _d93975 |
||